Представление документа в формате RUSMARC

ПолеНазваниеЗначение
  Тип записи a
  Библиографический уровень m
001 Контрольный номер RU\NLR\BIBL_A\011836129
005 Дата корректировки 20190416143038.0
010 Индекс ISBN __
a ISBN 978-5-17-110419-1
9 Тираж 3500
d Цена 274-00
021 № государственной регистрации __
a Код страны RU
b № документа 2018-70920
035 Другие системные номера __
a Идентификатор записи (RuMoRGB)009751199
100 Данные общей обработки __
a Данные общей обработки 20181023d2018 k y0rusa0189 ca
101 Язык документа 0_
a Язык текста rus
102 Страна публикации __
a Страна публикации RU
105 Кодированные данные (монография) __
a Кодированные данные (монография) a zzzz0|||0yy
200 Заглавие и сведения об ответственности 1_
a Заглавие Вся правда о гормонах и не только
f Первые сведения об ответственности Андрей Сазонов
210 Выходные данные 1_
a Место издания Москва
c Издательство АСТ
d Дата издания 2019
215 Физическое описание __
a Объем 295, [2] с.
c Иллюстрации/тип воспроизводства ил., табл.
d Формат 22
225 Серия (Журнальная рубрика) 1_
a Серия (Журнальная рубрика) Научпоп для всех
300 Общие примечания __
a Общие примечания На 4-й с. обл. авт.: Андрей Сазонов, терапевт, публицист
330 Аннотация __
a Аннотация Дана подробная и доступная классификация видов гормонов, описано их воздействие на работу нашего тела. Доказано, что каждый гормон имеет направленное действие и конкретное предназначение, поэтому вы уже можете, вооружившись полученными из книги знаниями, лучше понять свой организм, вникнуть в суть происходящих в нем процессов.
333 Примечание о целевом назначении __
a Примечание о целевом назначении 16+
606 Тематические рубрики 1_
a Основная рубрика Биология
j Формальный подзаголовок Популярные издания
2 Код системы nlr_sh
3 Контрольный № нормативной записи RU\NLR\AUTH\66350072
606 Тематические рубрики 1_
a Основная рубрика Общая биохимия
2 Код системы nlr_sh
3 Контрольный № нормативной записи RU\NLR\AUTH\6621416
j Формальный подзаголовок Популярные издания
606 Тематические рубрики __
a Основная рубрика Здравоохранение. Медицинские науки
606 Тематические рубрики __
a Основная рубрика Болезни эндокринной системы
610 Ключевые слова 0_
a Ключевые слова гормоны
a Ключевые слова эндокринная система
a Ключевые слова гормонозаместительная терапия
686 Индексы других классификаций __
a Индекс ББК 28.072
v Номер издания LBC/SL
2 Код системы rubbk
686 Индексы других классификаций __
a Индекс ББК 54.15
v Номер издания LBC/SL
2 Код системы rubbk
700 Автор _1
a Фамилия Сазонов
b Имя А.
g Полное личное имя Андрей
801 Источник записи _0
a Страна RU
b Организация NLR
c Дата составления 20181023
g Правила каталогизации RCR
801 Источник записи _1
a Страна RU
b Организация NLR
c Дата составления 20181023
2 Код формата rusmarc
801 Источник записи _2
a Страна RU
b Организация NLR
c Дата составления 20181108
2 Код формата rusmarc
801 Источник записи _1
a Страна RU
b Организация Центральная районная библиотека им. Г. А. Пирожникова
852 Данные о местонахождении __
j Шифр хранения 28.072
i Авторский знак С 148
901 Тип документа __
t Тип документа m
902 Роль лиц __
b Редактор БЗ ОКиО/Шумских